|
|
|
|
| LEADER |
01661nam a2200433 a 4500 |
| 001 |
36880 |
| 003 |
BD-DhAAL |
| 005 |
20211129095312.0 |
| 008 |
191231t2012 nju 000 0 eng d |
| 999 |
|
|
|c 41513
|d 41513
|
| 010 |
|
|
|a 2012419132
|
| 016 |
7 |
|
|a 016050482
|2 Uk
|
| 020 |
|
|
|a 9781118273050 (pbk.)
|
| 020 |
|
|
|a 1118273052 (pbk.)
|
| 020 |
|
|
|a 9781118286357 (ebk)
|
| 020 |
|
|
|a 9781118284926 (ebk)
|
| 020 |
|
|
|a 9781118282809 (ebk)
|
| 035 |
|
|
|a (OCoLC)ocn758385667
|
| 040 |
|
|
|a BTCTA
|b eng
|c BTCTA
|d BDX
|d BKL
|d YDXCP
|d UKMGB
|d BWX
|d DLC
|d BD-DhAAL
|
| 042 |
|
|
|a lccopycat
|
| 043 |
|
|
|a n-us---
|
| 050 |
0 |
0 |
|a HG4621
|b .S286 2012
|
| 082 |
0 |
4 |
|a 332.640973
|2 23
|
| 100 |
1 |
|
|a Schwager, Jack D.,
|d 1948-
|9 38709
|
| 245 |
1 |
0 |
|a Market wizards :
|b interviews with top traders /
|c Jack D. Schwager.
|
| 260 |
|
|
|a Hoboken, N.J. :
|b John Wiley & Sons,
|c c2012.
|
| 300 |
|
|
|a xxv, 480 pages ;
|c 23 cm.
|
| 500 |
|
|
|a "With a new preface and afterword"--Cover.
|
| 526 |
|
|
|a BBS
|
| 541 |
|
|
|a Hye Trade International
|e 36880
|
| 650 |
|
0 |
|a Stockbrokers
|z United States
|v Interviews.
|9 38710
|
| 650 |
|
0 |
|a Investment advisors
|z United States
|v Interviews.
|9 38711
|
| 650 |
|
0 |
|a Floor traders (Finance)
|z United States
|v Interviews.
|9 38712
|
| 650 |
|
0 |
|a Futures market
|z United States.
|9 38713
|
| 650 |
|
0 |
|a Financial futures
|z United States.
|9 38714
|
| 650 |
|
0 |
|a Business & finance
|9 43239
|
| 852 |
|
|
|a Ayesha Abed Library
|c General Stacks
|
| 942 |
|
|
|2 ddc
|c BK
|
| 952 |
|
|
|0 0
|1 0
|2 ddc
|4 0
|6 332_640973000000000_SCH
|7 0
|9 67612
|a BRACUL
|b BRACUL
|c GEN
|d 2019-12-29
|e Hye Trade International
|g 2211.00
|l 2
|m 11
|o 332.640973 SCH
|p 3010036880
|r 2025-10-12
|s 2024-09-10
|t 1
|v 2211.00
|w 2019-12-29
|y BK
|